[Event "Chiclayo Fischer Memorial 1st"]
[Site "Chiclayo"]
[Date "2019.03.31"]
[Round "4.8"]
[White "Sanchez Herrera, Jorge Miguel"]
[Black "Terrones Garcia, Juan Grabiel"]
[Result "1-0"]
[WhiteElo "1317"]
[BlackElo "1671"]
[PlyCount "49"]
[EventDate "2019.03.30"]
[EventType "swiss"]
[EventRounds "6"]
[EventCountry "PER"]
[SourceTitle "EXT 2024"]
[Source "ChessBase"]
[SourceDate "2023.10.10"]
[SourceVersion "1"]
[SourceVersionDate "2023.10.10"]
[SourceQuality "1"]

1. b3 d5 2. Bb2 Nc6 3. e3 e5 4. d3 Nf6 5. Nd2 Be7 6. Be2 0-0 7. Ngf3 e4 8. dxe4 dxe4 9. Nd4 Nxd4 10. Bxd4 c5 11. Bb2 Bf5 12. 0-0 Qc7 13. c3 Rab8 14. Qc2 Bd6 15. h3 Rfd8 16. Nc4 Bf8 17. Rad1 b5 18. Rxd8 Rxd8 19. Nd2 a6 20. c4 b4 21. Bxf6 gxf6 22. Nxe4 Qe5 23. f3 Bd6 24. Rd1 Qh2+ 25. Kf2 1-0

[Event "Chiclayo Fischer Memorial 1st"]
[Site "Chiclayo"]
[Date "2019.03.31"]
[Round "5.6"]
[White "Terrones Garcia, Daniel"]
[Black "Sanchez Herrera, Jorge Miguel"]
[Result "0-1"]
[WhiteElo "1157"]
[BlackElo "1317"]
[PlyCount "50"]
[EventDate "2019.03.30"]
[EventType "swiss"]
[EventRounds "6"]
[EventCountry "PER"]
[SourceTitle "EXT 2024"]
[Source "ChessBase"]
[SourceDate "2023.10.10"]
[SourceVersion "1"]
[SourceVersionDate "2023.10.10"]
[SourceQuality "1"]

1. e4 c5 2. Nc3 d6 3. Bd3 g6 4. Nf3 Bg7 5. Ne2 e6 6. c3 Ne7 7. Bc2 Nbc6 8. d3 0-0 9. Ng3 Re8 10. 0-0 e5 11. Be3 b5 12. Qd2 Bg4 13. Ng5 h6 14. h3 Bd7 15. Nf3 Kh7 16. Bd1 f5 17. exf5 Nxf5 18. Nxf5 Bxf5 19. Nh2 Ne7 20. Bf3 Rc8 21. g4 Bd7 22. Bg2 Bc6 23. f4 Bxg2 24. Qxg2 exf4 25. Bxf4 Rf8 0-1